000 00634nam a2200205Ii 4500
003 JO-AjNU
008 230605s9999||||xx |||||||||||||| ||und||
040 _aJO-AjNU
_bara
_erda
_cJO-AjNU
041 _aara
050 1 4 _aPJ77508 1986
100 3 _aتأليف الخزرجي، عبود أحمد,
_eauthor
_935809
245 0 0 _aغزل المتنبي
250 _aط1
264 3 1 _aبغداد:دار الكندي،1986
300 _a192ص
336 _atext
_btxt
_2rdacontent
337 _aunmediated
_bn
_2rdamedia
338 _avolume
_bnc
_2rdacarrier
650 4 _a الشعر الغزلي - العصر العباسي
_935810
999 _aA14819
_c18387
_d18387